01371nam a2200241 i 4500001000700000003000900007005001700016007000300033008004100036111009000077245028200167260004400449300002200493490006300515500012500578650006300703650006800766711005300834830007100887852002400958999001900982952012801001186832ES-MaACL20230906222743.0t|170221s1880 fr ||||1| fre d2 aCongrès International des Sociétés des Amis de la Paix (d1878.cParis)916183610aCongrès international des sociétés des amis de la paix tenu à Paris les 26, 27, 28 et 30 septembre et le 1er octobre 1878 b: comptes rendus sténographiques publiés sous les auspices du Comité Central des Congrès et Confèrences et la direction de Ch. Thirion. aParis : bImprimeria Nationale, c1880. a158 p. ; c24 cm.1 aCongrès et conférences du Palais du Trocadéro ; v30 aPrecede al tít.: Ministère de l'Agriculture et du Commerce, Exposition Universelle International de 1878, à Paris. 4aMediación internacional-vCongresos y asambleas.9161838 4aGuerra (Derecho internacional)-vCongresos y asambleas.91618392 aExposition Universelle (d1878. cParis)91351430 aCongrès et conférences du Palais du Trocadéro ; v309192600 aES-MaACLjG-1757(1) c186832d186832 001040708LIBXIXaATENEOMbATENEOMcDEPO2d2017-02-21eSCl0oG-1757(1)p1197072r2023-02-23 00:00:00w2023-02-23yMONANT